Motif reference manual
Αποθηκεύτηκε σε:
| Κύριος συγγραφέας: | |
|---|---|
| Άλλοι συγγραφείς: | |
| Μορφή: | Βιβλίο |
| Γλώσσα: | English |
| Δημοσίευση: |
Sebastopol, CA :
O'Reilly & Associates,
c1993
|
| Σειρά: | Definitive guides to the X Window System ;
; v. 6B |
| Θέματα: | |
| Ετικέτες: |
Προσθήκη ετικέτας
Δεν υπάρχουν, Καταχωρήστε ετικέτα πρώτοι!
|
MARC
| LEADER | 00000cam a2200000 i 4500 | ||
|---|---|---|---|
| 001 | 1/95998 | ||
| 008 | 991213s1993 eng d | ||
| 020 | |a 1-56592-038-4 | ||
| 035 | |l 10055557 | ||
| 040 | |a GR-MY-UA |b gre |e aacr | ||
| 041 | 0 | |a eng | |
| 082 | 0 | |a 005.43 | |
| 100 | 1 | |a Ferguson, Paula M. | |
| 245 | 1 | 0 | |a Motif reference manual / |c by Paula M. Ferguson ; UIL material by David Brennan |
| 260 | |a Sebastopol, CA : |b O'Reilly & Associates, |c c1993 | ||
| 300 | |a xii, 908 p.; |b ill.; |c 24 cm. | ||
| 490 | 1 | |a Definitive guides to the X Window System |v ; v. 6B | |
| 504 | |a Includes indexes | ||
| 630 | 0 | 0 | |a Motif (Computer file) |
| 650 | 0 | 0 | |a X Window System (Computer system) |
| 700 | 1 | |a Brennan, David. | |
| 830 | 0 | |a Definitive guides to the X Window System ; |v ; v. 6B | |
| 852 | |a INST |b SAMOS |e 19991213 |h 005.43 FER |p 005300016319 |q 005300016319 |t BK |y 0 | ||
| 901 | |a BIBL3-2000-2 | ||
| 909 | |a Σ |b 070976 | ||
| 922 | |a 3ΕΛΗ |b 199911 |c ΤΠΕΣ |d ΠΑΠΑΣΩΤΗΡΙΟΥ | ||
| 950 | |a 133-1999-07-20 | ||
| 970 | |z 2000/05/ΜΠΡΑΤΤΗΣ | ||